Inflammatory Bowel Diseases / (Record no. 1124)

MARC details
000 -LEADER
fixed length control field 00553nam a22002057a 4500
003 - CONTROL NUMBER IDENTIFIER
control field OSt
005 - DATE AND TIME OF LATEST TRANSACTION
control field 20150302150133.0
008 - FIXED-LENGTH DATA ELEMENTS--GENERAL INFORMATION
fixed length control field 150302b xxu||||| |||| 00| 0 eng d
020 ## - INTERNATIONAL STANDARD BOOK NUMBER
International Standard Book Number 072341888
040 ## - CATALOGING SOURCE
Transcribing agency DNLM
082 ## - DEWEY DECIMAL CLASSIFICATION NUMBER
Classification number WI 420 13 1998
100 ## - MAIN ENTRY--PERSONAL NAME
Personal name Allison M C
9 (RLIN) 3066
245 ## - TITLE STATEMENT
Title Inflammatory Bowel Diseases /
Statement of responsibility, etc. M C Allison, [et...al]
260 ## - PUBLICATION, DISTRIBUTION, ETC. (IMPRINT)
Place of publication, distribution, etc. London :
Name of publisher, distributor, etc. Mosby;
Date of publication, distribution, etc. 1998.
300 ## - PHYSICAL DESCRIPTION
Extent vi,186p:
Other physical details col.ill;
Dimensions 29 cm.
504 ## - BIBLIOGRAPHY, ETC. NOTE
Bibliography, etc includes index
650 ## - SUBJECT ADDED ENTRY--TOPICAL TERM
Topical term or geographic name as entry element bowel diseases
9 (RLIN) 3067
700 ## - ADDED ENTRY--PERSONAL NAME
Personal name Dhillon A P, [et..al]
9 (RLIN) 3068
942 ## - ADDED ENTRY ELEMENTS (KOHA)
Source of classification or shelving scheme Other/Generic Classification Scheme
Koha item type Short Loan
Holdings
Withdrawn status Lost status Source of classification or shelving scheme Damaged status Not for loan Home library Current library Date acquired Source of acquisition Inventory number Total Checkouts Full call number Barcode Date last seen Price effective from Koha item type
    Other/Generic Classification Scheme     MUST Main Library MUST Main Library 02/03/2015   2001/15152   WI 420 13 1998 2015-0430 02/03/2015 02/03/2015 Short Loan